[Event "ENG-ch Schools"]
[Site "Nottingham"]
[Date "2025.06.25"]
[Round "3.3"]
[White "Bevis, Noah"]
[Black "Solanki, Daiwik"]
[Result "1-0"]
[WhiteElo "2078"]
[BlackElo "1653"]
[PlyCount "111"]
[EventDate "2025.06.25"]
[EventType "team-swiss"]
[EventRounds "6"]
[EventCountry "ENG"]
[SourceTitle "CB27_2025"]
[SourceDate "2025.07.02"]
[SourceVersion "1"]
[SourceVersionDate "2025.07.02"]
[SourceQuality "1"]
[WhiteTeam "Magdalen College"]
[BlackTeam "Queen Elizabeth"]
[WhiteTeamCountry "ENG"]
[BlackTeamCountry "ENG"]

1. d4 d5 2. Bf4 Nf6 3. e3 c5 4. c3 Nc6 5. Nd2 Bf5 6. Qb3 Na5 7. Qa4+ Bd7 8. Bb5 Nc6 9. Ngf3 a6 10. Bxc6 Bxc6 11. Qc2 e6 12. Ne5 Bd6 13. Nxc6 bxc6 14. Qa4 Qd7 15. Nb3 cxd4 16. Bxd6 Qxd6 17. cxd4 0-0 18. Rc1 Rfc8 19. Rc2 Nd7 20. Qa5 e5 21. 0-0 Rcb8 22. Rfc1 Rb5 23. Rxc6 Qe7 24. Rc8+ Rxc8 25. Rxc8+ Nf8 26. Qxa6 Rb7 27. Qa3 Qxa3 28. bxa3 exd4 29. exd4 Ra7 30. Nc5 g6 31. a4 Kg7 32. Rb8 Rc7 33. Rb2 Nd7 34. Rc2 Nb6 35. a5 Nc4 36. a6 Ra7 37. Rc3 Re7 38. g3 Re1+ 39. Kg2 Re2 40. a4 Re8 41. Rb3 Na5 42. Rb6 Rd8 43. Nb7 Rb8 44. Rb5 Nc6 45. Rxd5 Nb4 46. Rd6 Nxa6 47. Rxa6 Rxb7 48. d5 Rd7 49. d6 Kf6 50. Kf3 Ke5 51. Kg4 h6 52. f4+ Ke6 53. a5 Kd5 54. f5 Kc5 55. fxg6 fxg6 56. Rb6 1-0

[Event "ENG-ch Schools"]
[Site "Nottingham"]
[Date "2025.06.25"]
[Round "4.3"]
[White "Solanki, Daiwik"]
[Black "Kumar, Sanjit S"]
[Result "0-1"]
[WhiteElo "1653"]
[BlackElo "2105"]
[PlyCount "114"]
[EventDate "2025.06.25"]
[EventType "team-swiss"]
[EventRounds "6"]
[EventCountry "ENG"]
[SourceTitle "CB27_2025"]
[SourceDate "2025.07.02"]
[SourceVersion "1"]
[SourceVersionDate "2025.07.02"]
[SourceQuality "1"]
[WhiteTeam "Queen Elizabeth"]
[BlackTeam "King's College"]
[WhiteTeamCountry "ENG"]
[BlackTeamCountry "ENG"]

1. e4 e6 2. d4 d5 3. Nc3 Bb4 4. exd5 exd5 5. Bd3 Nf6 6. Nge2 Bg4 7. 0-0 0-0 8. Bg5 c6 9. Qd2 Nbd7 10. h3 Bh5 11. Nf4 Ne4 12. Bxe4 Qxg5 13. Bd3 Bd6 14. g3 Bxf4 15. Qxf4 Qxf4 16. gxf4 Rfe8 17. Rfe1 Kf8 18. Be2 Bg6 19. Bg4 Nf6 20. f5 Bh5 21. f3 g6 22. Re5 Bxg4 23. fxg4 Rxe5 24. dxe5 Nd7 25. e6 fxe6 26. fxe6 Ne5 27. Ne2 Ke7 28. Nd4 Rf8 29. Kg2 Nc4 30. Re1 Nd2 31. Re3 Rf4 32. c3 Re4 33. Rd3 Nc4 34. Rf3 Nd6 35. Kf2 c5 36. Nb3 b6 37. Nd2 Rxe6 38. Rd3 Rf6+ 39. Kg2 Ke6 40. Re3+ Kd7 41. Nf3 Nf7 42. Nd2 Re6 43. Rd3 Kc6 44. Kf2 Ne5 45. Re3 d4 46. Rg3 Kd5 47. cxd4 cxd4 48. Ra3 Re7 49. Rb3 Nd7 50. Ra3 Nc5 51. Kf3 a5 52. Nb3 Re3+ 53. Kf4 Nxb3 54. Rxb3 Rxb3 55. axb3 Kc5 56. Ke4 Kb4 57. Kxd4 Kxb3 0-1

[Event "ENG-ch Schools"]
[Site "Nottingham"]
[Date "2025.06.25"]
[Round "1.3"]
[White "Solanki, Daiwik"]
[Black "Mussa, Rayyan"]
[Result "0-1"]
[WhiteElo "1653"]
[BlackElo "1706"]
[PlyCount "68"]
[EventDate "2025.06.25"]
[EventType "team-swiss"]
[EventRounds "6"]
[EventCountry "ENG"]
[SourceTitle "CB27_2025"]
[SourceDate "2025.07.02"]
[SourceVersion "1"]
[SourceVersionDate "2025.07.02"]
[SourceQuality "1"]
[WhiteTeam "Queen Elizabeth"]
[BlackTeam "Bristol Grammar"]
[WhiteTeamCountry "ENG"]
[BlackTeamCountry "ENG"]

1. e4 c5 2. Nf3 Nc6 3. c3 d5 4. exd5 Qxd5 5. Be2 Nf6 6. 0-0 Bf5 7. d4 e6 8. Bg5 Be7 9. c4 Qd6 10. dxc5 Qxc5 11. Be3 Qa5 12. Qb3 Qc7 13. Nc3 Ng4 14. Nb5 Qb8 15. Bd2 a6 16. h3 h5 17. g3 axb5 18. hxg4 hxg4 19. Nh2 Nd4 20. Qd1 Nxe2+ 21. Qxe2 Bc5 22. Bf4 Qd8 23. Rfd1 Qf6 24. Qd2 e5 25. Bg5 Qb6 26. Nf1 f6 27. Re1 Rd8 28. Qe2 Bd3 29. Qxg4 Bxf2+ 30. Kg2 Bxe1 31. Rxe1 Qc6+ 32. Kf2 Bxf1 33. Rxf1 fxg5 34. Qh5+ Rxh5 0-1